<?xml version="1.0" encoding="UTF-8"?>
<resp>
  <nextPage>https://data.bn.org.pl/api/networks/bibs.marcxml?marc=001+b1000002827037&amp;sinceId=1000002827038</nextPage>
  <collection>
    <record xmlns='http://www.loc.gov/MARC21/slim'><leader>02794naa a2200781 i 4500</leader><controlfield tag='001'>b1000002827037</controlfield><controlfield tag='005'>20251209072752.9</controlfield><controlfield tag='008'>230119s2021    pl           |000 0bpol c</controlfield><controlfield tag='009'>9913157731105606</controlfield><datafield ind1=' ' ind2=' ' tag='015'><subfield code='a'>BZCz 2023/12113</subfield></datafield><datafield ind1=' ' ind2=' ' tag='035'><subfield code='a'>(PL)b1000002827037</subfield></datafield><datafield ind1=' ' ind2=' ' tag='040'><subfield code='a'>WA N</subfield><subfield code='c'>WA N</subfield><subfield code='d'>WA N</subfield><subfield code='d'>TOR U</subfield></datafield><datafield ind1='0' ind2=' ' tag='041'><subfield code='a'>pol</subfield><subfield code='b'>eng</subfield></datafield><datafield ind1='2' ind2=' ' tag='045'><subfield code='b'>d1882</subfield><subfield code='b'>d2021</subfield></datafield><datafield ind1=' ' ind2=' ' tag='046'><subfield code='k'>2021</subfield></datafield><datafield ind1=' ' ind2=' ' tag='080'><subfield code='8'>1.1\x</subfield><subfield code='a'>59(045/046)</subfield></datafield><datafield ind1=' ' ind2=' ' tag='080'><subfield code='8'>1.2\x</subfield><subfield code='a'>929(045/046)</subfield></datafield><datafield ind1='0' ind2='0' tag='245'><subfield code='a'>Muzealne echa Paula Robiena - pomorskiego ornitologa i aktywisty na rzecz ochrony przyrody =</subfield><subfield code='b'>Museum echoes of Paul Robien - a Pomeranian ornithologist and wildlife conservation activist /</subfield><subfield code='c'>Marta Ewa Kurzyńska, Łukasz Ławicki.</subfield></datafield><datafield ind1='3' ind2='1' tag='246'><subfield code='a'>Museum echoes of Paul Robien - a Pomeranian ornithologist and wildlife conservation activist</subfield></datafield><datafield ind1=' ' ind2=' ' tag='260'><subfield code='c'>2021.</subfield></datafield><datafield ind1=' ' ind2=' ' tag='336'><subfield code='a'>Tekst</subfield><subfield code='b'>txt</subfield><subfield code='2'>rdacontent</subfield></datafield><datafield ind1=' ' ind2=' ' tag='337'><subfield code='a'>Bez urządzenia pośredniczącego</subfield><subfield code='b'>n</subfield><subfield code='2'>rdamedia</subfield></datafield><datafield ind1=' ' ind2=' ' tag='338'><subfield code='a'>Wolumin</subfield><subfield code='b'>nc</subfield><subfield code='2'>rdacarrier</subfield></datafield><datafield ind1=' ' ind2=' ' tag='380'><subfield code='a'>Artykuły</subfield></datafield><datafield ind1=' ' ind2=' ' tag='380'><subfield code='a'>Publikacje naukowe</subfield></datafield><datafield ind1='1' ind2=' ' tag='388'><subfield code='a'>2001-</subfield></datafield><datafield ind1=' ' ind2=' ' tag='504'><subfield code='a'>Bibliografia, netografia na stronach 681-688.</subfield></datafield><datafield ind1=' ' ind2=' ' tag='546'><subfield code='a'>Streszczenie w języku angielskim.</subfield></datafield><datafield ind1='1' ind2='7' tag='600'><subfield code='a'>Robien, Paul</subfield><subfield code='d'>(1882-1945)</subfield><subfield code='2'>DBN</subfield></datafield><datafield ind1='2' ind2='7' tag='610'><subfield code='a'>Muzeum Miasta Szczecina</subfield><subfield code='2'>DBN</subfield></datafield><datafield ind1=' ' ind2='7' tag='648'><subfield code='a'>1801-1900</subfield><subfield code='2'>DBN</subfield></datafield><datafield ind1=' ' ind2='7' tag='648'><subfield code='a'>1901-2000</subfield><subfield code='2'>DBN</subfield></datafield><datafield ind1=' ' ind2='7' tag='648'><subfield code='a'>2001-</subfield><subfield code='2'>DBN</subfield></datafield><datafield ind1=' ' ind2='7' tag='650'><subfield code='a'>Kolekcjonerzy</subfield><subfield code='2'>DBN</subfield></datafield><datafield ind1=' ' ind2='7' tag='650'><subfield code='a'>Ornitolodzy</subfield><subfield code='2'>DBN</subfield></datafield><datafield ind1=' ' ind2='7' tag='650'><subfield code='a'>Zbiory muzealne</subfield><subfield code='2'>DBN</subfield></datafield><datafield ind1=' ' ind2='7' tag='650'><subfield code='a'>Zbiory prywatne</subfield><subfield code='2'>DBN</subfield></datafield><datafield ind1=' ' ind2='7' tag='651'><subfield code='a'>Szczecin (woj. zachodniopomorskie)</subfield><subfield code='2'>DBN</subfield></datafield><datafield ind1=' ' ind2='7' tag='655'><subfield code='a'>Artykuł z czasopisma naukowego</subfield><subfield code='2'>DBN</subfield></datafield><datafield ind1=' ' ind2='7' tag='655'><subfield code='a'>Biografia</subfield><subfield code='2'>DBN</subfield></datafield><datafield ind1=' ' ind2='7' tag='655'><subfield code='a'>Artykuł z czasopisma archeologicznego</subfield><subfield code='2'>DBN</subfield></datafield><datafield ind1=' ' ind2=' ' tag='658'><subfield code='a'>Bibliotekarstwo, archiwistyka, muzealnictwo</subfield></datafield><datafield ind1=' ' ind2=' ' tag='658'><subfield code='a'>Historia</subfield></datafield><datafield ind1=' ' ind2=' ' tag='658'><subfield code='a'>Biologia</subfield></datafield><datafield ind1='1' ind2=' ' tag='700'><subfield code='a'>Ławicki, Łukasz</subfield><subfield code='e'>Autor</subfield></datafield><datafield ind1='1' ind2=' ' tag='700'><subfield code='a'>Kurzyńska, Marta</subfield><subfield code='e'>Autor</subfield></datafield><datafield ind1='0' ind2=' ' tag='773'><subfield code='i'>W:</subfield><subfield code='t'>Materiały Zachodniopomorskie : rocznik Muzeum Narodowego w Szczecinie.</subfield><subfield code='x'>0076-5236.</subfield><subfield code='g'>T. 17, [z.] 1 (2021), s. 639-690</subfield><subfield code='w'>(PL)b0000001806703</subfield></datafield><datafield ind1=' ' ind2=' ' tag='852'><subfield code='b'>48OMNIS_NLOP</subfield><subfield code='8'>991053061907405066</subfield></datafield><datafield ind1=' ' ind2=' ' tag='852'><subfield code='b'>48OMNIS_NETWORK</subfield><subfield code='8'>9913157731105606</subfield></datafield><datafield ind1=' ' ind2=' ' tag='852'><subfield code='b'>48OMNIS_UMKWT</subfield><subfield code='8'>991017126824706926</subfield></datafield></record>
  </collection>
</resp>
